Normal view MARC view
  • DR KHALID IQBAL

Entry Personal Name

Number of records used in: 1

001 - CONTROL NUMBER

  • control field: 72735

003 - CONTROL NUMBER IDENTIFIER

  • control field: NUST

005 - DATE AND TIME OF LATEST TRANSACTION

  • control field: 20210628204903.0

008 - FIXED-LENGTH DATA ELEMENTS

  • fixed length control field: 210628|| aca||aabn | a|a d

040 ## - CATALOGING SOURCE

  • Original cataloging agency: NUST
  • Transcribing agency: NUST

100 ## - HEADING--PERSONAL NAME

  • Personal name: DR KHALID IQBAL

670 ## - SOURCE DATA FOUND

  • Source citation: Work cat.: (NUST): SAIMA ZAREEN, 72733, TH-SOF-0706-EXLPOITING MULTI VIEW CORRELATION FOR MAXIMIZING LIFE TIME OF WIRELESS SENSORS, 2001
© 2023 Central Library, National University of Sciences and Technology. All Rights Reserved.